[Event "American Continental-ch 2018"]
[Site "Montevideo"]
[Date "2018.06.05"]
[Round "6"]
[White "Cori Quispe, Kevin Joel"]
[Black "Mariani, Daniel Brandao"]
[Result "1-0"]
[WhiteElo "2468"]
[BlackElo "2055"]
[Annotator "TA"]
[PlyCount "113"]
[EventDate "2018.??.??"]
[EventType "swiss"]
[EventCountry "URU"]
[SourceTitle "playchess.com"]
[Source "ChessBase"]
[SourceQuality "1"]

{[%evp 33,113,38,23,23,21,0,0,-23,-19,-29,-11,-88,-78,-70,-81,-85,-74,-70,0,0,0,0,0,0,0,0,0,0,0,0,11,11,20,20,21,25,20,15,23,39,42,18,32,31,262,256,243,237,400,400,400,382,11936,12421,9812,9664,6170,43,6083,5800,5297,5302,5370,4790,1615,1539,2805,2384,5281,2503,1770,1573,2854,1370,12835,12835,12837,12837,12839,12837,12839,12839]} 1. e4 e6 2. d4 d5 3. Nc3 Nf6 4. e5 Nfd7 5. f4 c5 6. Nf3 Nc6 7. Be3 cxd4 8. Nxd4 Qb6 9. Qd2 Qxb2 10. Rb1 Qa3 11. Bb5 Nxd4 12. Bxd4 Bb4 13. Rb3 {C11: French: Classical System: 4 e5 and 4 Bg5 dxe4} (13. O-O a6 14. Rb3 Qa5 15. Rfb1 Be7 16. Bxd7+ Bxd7 17. Rxb7 Bc5 18. Rb8+ Ke7 19. R1b5 Bxd4+ 20. Qxd4 Qa3 21. Rxh8 {½-½ (21) Edouard,R (2679)-Meier,G (2632) Helsingor 2014}) 13... Qa5 14. a3 Be7 15. f5 exf5 16. Nxd5 Bh4+ 17. Kd1 Qxd2+ {LiveBook: 5 Games} 18. Kxd2 {Hoping for Nc7+.} Bd8 19. Rg3 {Threatens to win with e6.} a6 $1 {[%cal Ra6b5] [#]} 20. Ba4 $146 ({Predecessor:} 20. Bxd7+ Bxd7 21. Rxg7 Rc8 {½-½ (57) Allerberger,P (2526)-Nogler,S (2391) Remote email 2011}) 20... b5 21. Bb3 Nf8 $1 22. Bb6 (22. Nf4 $11 {remains equal.}) 22... Be6 $17 23. Bc5 ({But not} 23. Rxg7 $2 Bxb6 24. Nf6+ (24. Nxb6 $2 Rb8 $19) 24... Ke7 $19) 23... Ng6 24. Bd6 Ba5+ 25. Kc1 Rc8 ({Black should try} 25... O-O-O $15) 26. Kb2 $11 Kd7 27. h4 {And now h5 would win.} h5 28. Rd1 Ke8 29. Nf6+ gxf6 30. Bxe6 fxe6 31. Rxg6 Bc3+ 32. Kb3 fxe5 {[#]} 33. Bxe5 $1 {[%mdl 512]} Bxe5 34. Rxe6+ Kf7 35. Rxe5 {[%mdl 4096] Endgame KRR-KRR} Rc4 36. Rxf5+ Ke6 37. Rg5 Rhc8 38. Rd2 Rc3+ $2 (38... Rxh4 $14 39. Rg6+ Ke7) 39. Kb2 $18 R8c5 40. Rg6+ Kf5 $2 (40... Ke7 41. Re2+ (41. Rxa6 Rg3 $16) 41... Kf7 42. Rxa6 Rg3) 41. Rxa6 R3c4 42. Rf2+ $1 Kg4 $2 {[#]} (42... Ke4 43. Raf6 Ke3 44. R2f3+ Ke4) 43. Rg6+ $1 Kxh4 {[#]} 44. Rf3 $1 {[%csl Gg2][%cal Rf3h3]} Rg5 45. Rh3+ Kg4 {[#]} 46. Rg3+ $1 {[%mdl 512] White is clearly winning.} Kxg3 47. Rxg5+ {KR-KR} Kh4 48. Rxb5 Rc8 49. Rd5 Rg8 50. Rd2 Kg3 51. a4 h4 52. Ka3 Kh2 53. a5 (53. c4 $142 Rc8 54. Rc2) 53... Rg4 54. Kb3 Kg1 55. c4 Kf1 56. Kb4 Ke1 57. Ra2 {Precision: White = 83%, Black = 44%.} 1-0

[Event "American Continental-ch 2018"]
[Site "Montevideo"]
[Date "2018.06.05"]
[Round "6"]
[White "Salinas Herrera, Pablo"]
[Black "Vergara Jofre, Felipe"]
[Result "1-0"]
[WhiteElo "2463"]
[BlackElo "2245"]
[Annotator "TA"]
[PlyCount "85"]
[EventDate "2018.??.??"]
[EventType "swiss"]
[EventCountry "URU"]
[SourceTitle "playchess.com"]
[Source "ChessBase"]
[SourceQuality "1"]

{[%evp 18,85,6,0,48,51,37,41,39,20,45,48,41,41,37,43,36,35,39,37,38,35,38,35,45,0,49,0,0,0,0,0,0,-61,0,0,0,0,0,0,0,0,0,0,0,0,0,0,0,0,52,60,66,51,396,393,1342,1317,1929,1940,29990,29991,29991,29989,29995,29996,29996,29997,29997,626]} 1. e4 c5 2. Nf3 d6 3. d4 cxd4 4. Nxd4 Nf6 5. Nc3 a6 6. Be2 e5 7. Nf3 Be7 8. Bg5 Be6 {B92: Sizilianisch (Najdorf-Variante mit 6.Le2)} 9. Bxf6 Bxf6 10. Nd5 {LiveBook: 11 Partien} (10. O-O Be7 11. Nd5 Nd7 12. Bc4 Rc8 13. Qe2 Nb6 14. Nxb6 Qxb6 15. Bb3 O-O 16. Rfd1 {1-0 (55) Caruana,F (2794)-Grischuk,A (2785) Saint Louis 2017}) 10... Nc6 {[%cal Bb8c6,Bc6e7,Be7d5,Bd5f4,Bf4h3][%mdl 32] Die Stellung ist ausgeglichen.} 11. c3 O-O 12. O-O Ne7 13. Bc4 Rc8 $146 ({Vorgänger:} 13... Nxd5 14. Bxd5 Qb6 15. Qb3 Qxb3 16. Bxb3 {1-0 (39) Kuipers,S (2468)-Bekker,S (2273) Wijk aan Zee 2018}) 14. Nxf6+ gxf6 15. Bb3 d5 16. exd5 Nxd5 17. Qd2 Nf4 18. Qe3 Qd3 19. Rfd1 Qg6 {[%csl Gf4][%cal Rg6g2] [#]} 20. g3 Rfd8 21. Kh1 Nh3 22. Kg2 Qg4 23. Bxe6 fxe6 24. Rxd8+ Rxd8 25. Ng1 ({Günstiger ist} 25. Kf1 $1 $11) 25... Rd3 ({Besser ist} 25... Nf4+ $1 $15 26. Kh1 Nd3) 26. Qc5 $11 Nf4+ ({Ein No Go ist} 26... Ng5 $6 27. Qc8+ Kg7 28. Qxb7+ Kg6 29. Re1 $16) 27. Kh1 Nd5 28. Qc8+ Kg7 29. Qxb7+ Kh6 30. Qxa6 Qe4+ 31. f3 Rxf3 $1 {[%cal Rf3f1] [#]} 32. Qe2 $1 $36 {[%cal Re2e4][%mdl 2048] Weiss hat gut koordiniertes Spiel.} Re3+ 33. Qg2 {Droht Dxe4 und aus.} Qd3 ({Lieber} 33... Qc4 $11) 34. a4 $14 f5 35. a5 {Schwarz muss nun a6 beachten.} f4 $2 {[%mdl 8192]} (35... Nc7 $1 $14) 36. a6 $18 f3 $2 (36... fxg3 37. a7 Nf4) 37. Qh3+ Kg5 38. a7 Nb6 39. a8=Q {Weiß setzt Matt.} Nxa8 40. Rxa8 Qd5 41. Qh4+ Kg6 42. Rg8+ Kf7 43. Qxh7+ {Precision: Weiß = 70%, Schwarz = 40%.} 1-0

[Event "American Continental-ch 2018"]
[Site "Montevideo"]
[Date "2018.06.05"]
[Round "6"]
[White "Tristan, Leonardo"]
[Black "Moradiabadi, Elshan"]
[Result "1-0"]
[WhiteElo "2459"]
[BlackElo "2549"]
[Annotator "TA"]
[PlyCount "113"]
[EventDate "2018.??.??"]
[EventType "swiss"]
[EventCountry "URU"]
[SourceTitle "playchess.com"]
[Source "ChessBase"]
[SourceQuality "1"]

{[%evp 15,113,23,37,35,30,28,27,23,42,22,27,24,33,38,26,23,47,7,22,20,41,0,0,23,70,74,77,15,16,16,16,14,15,17,23,28,16,19,31,0,0,0,11,10,6,0,0,0,0,0,0,0,0,0,8,8,168,190,179,180,194,194,202,195,430,415,316,197,190,239,262,248,242,233,235,177,177,162,1840,1374,1689,1761,1864,1764,1753,1770,1872,1724,1737,1565,1670,1670,1588,1536,29981,29982,29983,29983,5628,4702]} 1. d4 d5 2. Bf4 Nf6 3. e3 e6 4. Nf3 Bd6 5. Bd3 Bxf4 6. exf4 Qd6 {D02: 1 d4 d5 2 Nf3 sidelines, including 2...Nf6 3 g3 and 2...Nf6 3 Bf4} 7. Qd2 c5 (7... b6 8. Nc3 O-O 9. O-O Ba6 10. Ne5 c5 11. Bxa6 Nxa6 12. Rfe1 Rac8 13. Rad1 Nb4 14. f5 exf5 {½-½ (24) Nabaty,T (2610)-Nisipeanu,L (2668) Ortisei 2016}) 8. dxc5 Qxc5 {LiveBook: 3 Games. White has an edge.} 9. O-O O-O 10. Nc3 {[%cal Bb1c3,Bc3a4,Ba4c5][%mdl 32]} Nc6 11. Rfe1 Bd7 12. a3 Rad8 $146 ({Predecessor:} 12... a6 13. Qe3 {½-½ (25) Volkov,A (2144)-Glukhovtsev,S (2271) ICCF email 2008}) 13. b4 Qb6 14. Na4 Qc7 15. Nc5 Bc8 16. Ne5 b6 17. Nb3 Ne7 18. Qe3 Ne4 19. c4 Nf5 20. Qc1 f6 {[#]} 21. cxd5 ({White should play} 21. Nf3 $1 $16) 21... Qxc1 $11 22. Raxc1 {Threatens to win with Nc6.} fxe5 23. Bxe4 exf4 24. Bxf5 exf5 25. Nd4 {Black must now prevent Nc6.} Rxd5 26. Nc6 Kf7 27. Re7+ Kf6 28. Rxa7 Re8 29. h4 Rd2 30. Ra8 Bd7 31. Rxe8 Bxe8 {[%mdl 4096] Endgame KRB-KRN} 32. b5 f3 33. gxf3 Rd3 34. a4 Rxf3 35. Nb4 {Hoping for Nd5+.} Ke6 $2 (35... Bf7 $1 $11) 36. Re1+ $18 Kf7 37. Nd5 Rh3 38. Re7+ ({Resist} 38. Nxb6 $6 Rxh4 39. Re5 Re4) 38... Kf8 39. Re5 Rxh4 $2 (39... g6 {was called for.} 40. h5 (40. Nxb6 Rxh4 41. a5 Rg4+ 42. Kh2 Rh4+ 43. Kg3 Rg4+ 44. Kh3 Rb4 $16) 40... gxh5 41. Rxf5+ (41. Nxb6 Ra3 $18) 41... Kg7 42. Nxb6 Ra3) 40. Rxf5+ Bf7 41. a5 Ra4 42. a6 ({Stronger than} 42. Nxb6 Rxa5 43. Re5 Ra1+ 44. Kg2 Be8 $11) 42... g6 43. Rf4 Ra1+ 44. Kh2 Kg7 45. Nxb6 Be8 46. Rb4 Ra5 $2 {[#]} (46... Bxb5 47. Rxb5 h5) 47. Nd7 $1 {[%mdl 512]} Bxd7 {KRB-KR} 48. b6 Rh5+ 49. Kg2 Rg5+ {[#]} 50. Kf3 $1 Bc6+ 51. Ke3 Re5+ 52. Kd4 Re8 53. Kc5 Bg2 54. b7 h5 55. a7 Re5+ 56. Kd6 Rd5+ 57. Ke6 {Precision: White = 68%, Black = 48%.} 1-0

[Event "American Continental-ch 2018"]
[Site "Montevideo"]
[Date "2018.06.05"]
[Round "6"]
[White "Sosa, Tomas"]
[Black "Teixeira, Ricardo da Silva"]
[Result "1-0"]
[WhiteElo "2453"]
[BlackElo "2235"]
[Annotator "TA"]
[PlyCount "83"]
[EventDate "2018.??.??"]
[EventType "swiss"]
[EventCountry "URU"]
[SourceTitle "playchess.com"]
[Source "ChessBase"]
[SourceQuality "1"]

{[%evp 26,83,0,0,14,0,0,0,37,37,278,254,441,207,197,181,377,220,212,83,70,61,109,38,109,130,276,272,256,258,528,521,506,499,452,458,575,556,525,467,681,636,807,788,793,702,858,810,847,833,833,801,840,826,825,807,29983,29984,29984,398]} 1. e4 e6 2. d4 d5 3. Nd2 c5 4. exd5 Qxd5 5. Ngf3 cxd4 6. Bc4 Qd8 7. O-O Nc6 8. Nb3 Nf6 9. Nbxd4 Nxd4 10. Nxd4 a6 11. Re1 {C07: French Tarrasch: 3...c5, 4 Ngf3 and 4 exd5 Qxd5} Be7 (11... Bc5 12. Be3 O-O 13. Bb3 Qc7 14. c3 Bd6 15. h3 b6 16. Bg5 Bb7 17. Bc2 Bh2+ 18. Kh1 Bf4 19. Bxf6 gxf6 20. Rxe6 fxe6 21. Nxe6 {1-0 (45) Naiditsch,A (2586)-Huebner,R (2640) Saarbruecken 2002}) 12. b3 $146 ({Predecessor:} 12. Bg5 O-O 13. c3 Qc7 14. Bd3 b6 15. Qe2 Ra7 16. Rad1 Nd5 17. Bxe7 Nxe7 18. Qh5 g6 19. Qh6 e5 20. Nf3 f6 {½-½ (51) Kovtunenko,A (2195)-Fominykh,M (2292) Moscow 2014}) 12... O-O 13. Bb2 Qc7 14. Qf3 {LiveBook: 5 Games} b5 15. Bd3 {Threatens to win with Nc6.} (15. Qxa8 Bb7 $17) 15... Bb7 16. Qh3 g6 17. a4 e5 $2 {[#]} (17... Qb6 $14) 18. Nf5 $1 $18 {[%mdl 512]} gxf5 $2 (18... Rfe8 19. axb5 (19. Bxe5 Qc6 $18) 19... Bf8 20. bxa6 Bxa6) 19. Bxe5 (19. Rxe5 $142 Bc8 20. Rxe7 $1 {[%mdl 512]}) 19... Qc6 20. Bxf5 {And now Bxf6 would win.} Rfe8 $2 {[#]} (20... h5 {is a better defense.} 21. Qg3+ Ng4) 21. Re3 (21. Re4 $142 $3 {[%mdl 512] White wants to mate with Rg4+!} Qxe4 (21... Nxe4 22. Qxh7+) 22. Qg3+ Kf8 23. Bxe4 Bxe4 24. Qg5) 21... h5 22. Qg3+ (22. Rg3+ $18 {and White stays clearly on top.} Kf8 23. Bf4) 22... Ng4 $16 {White must now prevent ...Bh4!} 23. axb5 axb5 24. Rxa8 (24. Bxg4 $16 {Be6+ would kill now.} Bh4 25. Bd7+ Bxg3 26. Rxg3+ (26. Bxc6 Bxe5 27. Rxa8 Rxa8 $17) 26... Qg6 27. Bxe8 (27. Rxg6+ fxg6 28. Bxe8 Rxe8 $16) 27... Rxe8 28. Bd4 (28. Rxg6+ fxg6 29. Bd4 Ra8 $16)) 24... Bxa8 (24... Rxa8 $14 25. Bxg4 h4) 25. Bxg4 {Threatening mate with Be6+.} hxg4 (25... Bh4 $16 {was worth a try.} 26. Bd7+ Bxg3 27. Rxg3+ (27. Bxc6 Bxf2+ 28. Kxf2 Bxc6 $16) 27... Kh7 28. Bf5+ (28. Bxc6 Bxc6 29. f4 Rg8 $16) 28... Qg6 $1 {[%mdl 512]} 29. Bxg6+ (29. Rxg6 $2 {is the wrong capture.} fxg6 30. Bd3 Rxe5 $19) 29... fxg6) 26. Qxg4+ $18 Qg6 {[#]} 27. Qh3 $1 $40 {[%csl Ge5][%cal Rh3h8][%mdl 128] White wants a kill.} Bh4 $2 (27... Qxg2+ 28. Qxg2+ Bxg2) 28. Rg3 $1 {[%cal Rg3g6]} Rxe5 {[%cal Re5e1]} 29. Rxg6+ fxg6 {[%cal Re5e1] [#]} 30. Kf1 $1 Bxg2+ 31. Kxg2 {[%mdl 4096] Endgame KQ-KRB} Be7 {[#]} 32. b4 $1 Rf5 (32... Rg5+ $142 33. Kf1 Rf5) (32... Bxb4 33. Qb3+) 33. Qb3+ Kg7 34. c4 bxc4 35. Qxc4 Kh6 36. Qe4 Bd6 37. Qd4 Be5 38. Qd2+ Bf4 39. Qd8 {White threatens Qh8+ and mate.} Be5 40. b5 Bxh2 41. Kxh2 Rxb5 42. Qh8+ {Precision: White = 67%, Black = 12%.} 1-0

[Event "American Continental-ch 2018"]
[Site "Montevideo"]
[Date "2018.06.05"]
[Round "6"]
[White "Roselli Mailhe, Bernardo"]
[Black "Cordova, Emilio"]
[Result "0-1"]
[WhiteElo "2433"]
[BlackElo "2621"]
[Annotator "TA"]
[PlyCount "48"]
[EventDate "2018.??.??"]
[EventType "swiss"]
[EventCountry "URU"]
[SourceTitle "playchess.com"]
[Source "ChessBase"]
[SourceQuality "1"]

{[%evp 11,48,0,0,0,0,-70,-77,-61,-27,-72,-65,-99,-47,-83,24,27,18,18,37,0,50,56,76,83,82,41,109,71,65,0,0,0,0,-78,-21,-166,-152,-603,-605]} 1. d4 e6 2. c4 b6 3. e4 Bb7 4. f3 f5 5. exf5 Nh6 6. fxe6 {A40: Unusual replies to 1 d4} (6. Be3 Nxf5 7. Bf2 Bb4+ 8. Nc3 O-O 9. Qb3 Be7 10. O-O-O Bh4 11. Qc2 Qg5+ 12. Kb1 Bxf2 13. Qxf2 {0-1 (34) Gonzalez Acosta,B (2476)-Lenderman,A (2614) San Salvador 2016}) 6... Nf5 {LiveBook: 5 Games. Threatens to win with ...Qh4+.} 7. exd7+ Nxd7 (7... Kxd7 $6 8. g3 $16) 8. Ne2 $146 (8. Nc3 $1 $11) ({Predecessor:} 8. Bd3 Nxd4 9. Be4 Bxe4 10. Qxd4 Bg6 11. Ne2 Bc5 12. Qd5 c6 {½-½ (26) Franco Alonso,A (2427)-Larino Nieto,D (2484) Bilbao 2016}) 8... Bd6 $1 $15 {[%mdl 1024] Black has compensation.} ({But not} 8... Qe7 $6 9. Nbc3 $14) 9. Nbc3 O-O 10. Qd3 Qh4+ 11. Kd1 Bc5 (11... Rad8 $1 $17 12. Kc2 Be5 $1 {[%mdl 512]}) 12. Kc2 Nxd4+ (12... Bxd4 $17 13. g3 Qf6) 13. Nxd4 $11 Bxd4 14. Be3 Bxe3 15. Qxd7 {And now Qe6+ would win.} Rf7 16. Qe6 Qf2+ 17. Kb3 {Hoping for Nd1.} a5 18. a4 {Black must now prevent Nd1.} Bg5 (18... Bd2 $14) 19. Bd3 {aiming for Ne4.} Raf8 20. Ne4 ({Better is} 20. Rad1 $14) 20... Bxe4 $1 21. Qxe4 {[%csl Gd3][%cal Re4h7]} g6 $40 {[%mdl 128] Black is up to no good.} 22. Rae1 {[#]} (22. Rad1 $11 {remains equal.}) 22... Rd8 ({Black should play} 22... Bf6 $1 $17 {[%csl Gf6][%cal Rf2b2]} 23. Qe2 Qc5) 23. Re2 (23. c5 $1 $11 {and White has nothing to worry.} Kf8 24. Re2 Qxc5 25. Qc4) 23... Qc5 $19 24. Ka2 $2 (24. f4 $17 Rxf4 25. Qe6+ Kg7 26. Bc2) 24... Re7 {Precision: White = 23%, Black = 52%.} 0-1

[Event "American Continental-ch 2018"]
[Site "Montevideo"]
[Date "2018.06.05"]
[Round "6"]
[White "Escalante Ramirez, Brian Sebasti"]
[Black "Borges, Guilherme Deola"]
[Result "1-0"]
[WhiteElo "2422"]
[BlackElo "2219"]
[Annotator "TA"]
[PlyCount "47"]
[EventDate "2018.??.??"]
[EventType "swiss"]
[EventCountry "URU"]
[SourceTitle "playchess.com"]
[Source "ChessBase"]
[SourceQuality "1"]

{[%evp 19,47,29,35,0,8,0,14,9,40,40,32,28,78,1,263,254,403,410,419,420,414,414,489,469,615,571,664,652,1001,988]} 1. e4 c5 2. Nf3 e6 3. d4 cxd4 4. Nxd4 Nc6 5. Nc3 Qc7 6. Be3 a6 7. a3 Nf6 8. f4 d6 9. Qf3 Be7 10. O-O-O {B82: Sizilianisch (Scheveninger System)} O-O {LiveBook: 10 Partien} 11. Nxc6 bxc6 12. g4 {[%cal Bg2g4,Bg4g5][%mdl 32] Die Stellung ist ausgeglichen.} d5 13. g5 Nd7 14. h4 Rb8 15. h5 Qa5 $146 {[#] ...Txb2! ist eine echte Drohung.} ({Vorgänger:} 15... f6 16. Qh3 Bc5 17. h6 g6 18. gxf6 Bxe3+ 19. Qxe3 Nxf6 {1-0 (49) Staroske,U (2473)-Bjuhr,A (2495) ICCF email 2014}) 16. Nb1 ({Und nicht} 16. exd5 Rxb2 17. Rd3 Qxa3 $17) (16. Bf2 $16) 16... Nc5 $2 {[%mdl 8192]} (16... Qc7 $11) 17. b4 dxe4 (17... Rxb4 {war nötig.} 18. axb4 Qxb4) 18. Qf2 $18 (18. bxa5 $2 {geht unter.} exf3 19. Rg1 {[#]} e5 $1 $17 {[%mdl 512]}) 18... Rxb4 19. axb4 Qxb4 {und die Idee ...e5 ließe Schwarz weiter hoffen.} 20. Rd4 Qa5 21. Qd2 {Weiß steht klar auf Gewinn.} ({Schwächer ist} 21. Rc4 Nb7 $18) 21... Qc7 22. Rc4 Nb7 23. h6 {Und hxg7 würde nun gewinnen.} g6 24. Qc3 {Precision: Weiß = 68%, Schwarz = 32%.} 1-0

[Event "American Continental-ch 2018"]
[Site "Montevideo"]
[Date "2018.06.05"]
[Round "6"]
[White "Slipak, Sergio"]
[Black "Di Berardino, Diego Rafael"]
[Result "1/2-1/2"]
[WhiteElo "2420"]
[BlackElo "2525"]
[Annotator "TA"]
[PlyCount "40"]
[EventDate "2018.??.??"]
[EventType "swiss"]
[EventCountry "URU"]
[SourceTitle "playchess.com"]
[Source "ChessBase"]
[SourceQuality "1"]

{[%evp 17,40,0,6,0,6,3,22,0,20,0,27,23,24,17,26,13,101,0,0,0,11,-14,7,0,30]} 1. d4 Nf6 2. Nf3 g6 3. Bg5 Bg7 4. e3 O-O 5. Be2 c5 6. c3 b6 {A48: 1 d4 Nf6 2 Nf3 g6: Torre, London and Colle Systems} 7. O-O Bb7 8. Nbd2 d6 9. a4 a6 {LiveBook: 19 Games} 10. b4 (10. Ne1 Nbd7 11. Bf3 d5 12. Nd3 h6 13. Bxf6 Bxf6 14. a5 cxd4 15. exd4 {1-0 (57) Megaranto,S (2535)-Andreikin,D (2743) Almaty 2016}) 10... Nbd7 11. Qb3 Qc7 12. Rfc1 h6 $146 ({Predecessor:} 12... e5 13. Qd1 h6 14. Bxf6 Bxf6 15. dxc5 bxc5 {½-½ (59) Quinteros,M-Ribli,Z Amsterdam 1973}) 13. Bh4 g5 14. Bg3 Nh5 15. Nf1 e6 16. N3d2 Ndf6 {[#]} (16... Nxg3 $11 17. Nxg3 Rfb8) 17. Rab1 (17. Bxd6 $1 $16 Qxd6 18. bxc5) 17... Nxg3 $11 {The position is equal.} ({And not} 17... Qc6 18. Bf3 $18) 18. Nxg3 {Black must now prevent bxc5.} Rab8 19. Bf3 d5 20. Qd1 Qe7 {Precision: White = 44%, Black = 34%.} 1/2-1/2

[Event "American Continental-ch 2018"]
[Site "Montevideo"]
[Date "2018.06.05"]
[Round "6"]
[White "Pierrot, Facundo"]
[Black "Martinez Alcantara, Jose Eduardo"]
[Result "1/2-1/2"]
[WhiteElo "2392"]
[BlackElo "2539"]
[Annotator "TA"]
[PlyCount "95"]
[EventDate "2018.??.??"]
[EventType "swiss"]
[EventCountry "URU"]
[SourceTitle "playchess.com"]
[Source "ChessBase"]
[SourceQuality "1"]

{[%evp 22,95,16,16,20,7,43,56,46,52,73,62,83,69,50,65,62,62,73,71,93,0,0,0,0,0,0,-6,-4,-12,-4,-39,-36,-72,-69,-90,-86,-90,-9,-1,0,0,0,0,0,0,0,0,0,-17,-18,-18,-8,-8,0,-8,-8,-8,-8,-25,-25,-25,-25,-25,-25,-47,-25,-25,-25,-25,-25,-25,0,0,0,0]} 1. e4 c5 2. Nf3 d6 3. Bb5+ Nd7 4. d4 cxd4 5. Qxd4 a6 6. Bxd7+ Bxd7 7. Nc3 e5 8. Qd3 {B51: Sicilian: Moscow Variation (3 Bb5+) without 3...Bd7} h6 (8... Rc8 9. O-O Qc7 10. a4 Be7 11. Rd1 h6 12. Nd2 Nf6 13. Nf1 O-O 14. Ne3 Be6 15. a5 Rfd8 {½-½ (58) Demchenko,A (2660)-Vachier Lagrave,M (2789) Riadh 2017}) 9. Nd2 Rc8 10. Nc4 Qc7 11. Ne3 Nf6 12. Bd2 {LiveBook: 3 Games} Be6 13. Rc1 Qc6 $146 ({Predecessor:} 13... Qc5 14. O-O Be7 15. Rfd1 O-O {½-½ (39) Erzhanov,A (2273)-Sychev,K (2407) Moscow 2014}) 14. Ncd5 Bxd5 15. exd5 Qa4 16. O-O g6 17. c4 Bg7 18. b3 Qd7 $1 19. b4 O-O 20. c5 $1 Qb5 21. Qxb5 ({White should try} 21. Qc2 $1 $16) 21... axb5 $11 22. c6 bxc6 23. dxc6 Ra8 24. c7 Rfc8 $1 25. Rc6 Rxa2 26. Bc3 Ra7 27. Rxd6 {[#]} Ne8 $1 {[%cal Re8d6]} 28. Rd5 Nxc7 29. Rc5 {[#]} Re8 ({Black should play} 29... Bf8 $1 $17 {[%cal Rf8c5]} 30. Rxe5 Ra3) 30. Rd1 $1 {[%cal Rd1d7] Strongly threatening Rd7.} e4 31. Bxg7 Kxg7 32. h4 Re7 33. h5 Ra4 34. hxg6 fxg6 35. Rdc1 Na6 36. Rxb5 {Black must now prevent Nd5.} Rxb4 37. Ra5 Re6 38. Rc8 Rb7 39. Nd5 Nb4 {next ...Re5 is good for Black.} 40. Nxb4 (40. Nf4 {is more complex.} Rf6 41. g3 Nd3 42. Raa8 h5 43. Rg8+) 40... Rxb4 {[%mdl 4096] Endgame KRR-KRR} 41. Rc2 h5 42. Ra3 Kf6 43. f3 Kf5 44. fxe4+ Rexe4 45. Rc5+ Kf6 46. Ra6+ Kg7 {aiming for ...Rb1+.} 47. Rg5 Rb1+ 48. Kh2 {Precision: White = 74%, Black = 67%.} 1/2-1/2